Syntéza, štruktúrne a magnetické vlastnosti jedno a viacjadrových komplexov železa s pentadentátnymi N3O2 Schiffovými ligandami bakalárska práca CD

Na minha lista:
Detalhes bibliográficos
Autor principal: Brachňáková, Barbora
Formato: Software Livro
Idioma:eslovaco
Publicado em: Bratislava STU FCHPT 2013
Acesso em linha:View in OPAC
Tags: Adicionar Tag
Sem tags, seja o primeiro a adicionar uma tag!

MARC

LEADER 00000nam a2200000 a 4500
005 20260127134228.0
007 co ugu
008 130906 2013 000 0 slo d
035 |a vtls010540943 
039 9 |y 201309061040  |z mschk03 
040 |a STUSCHK1  |b slo  |c STUSCHK1  |e AACR2 
100 1 |a Brachňáková, Barbora 
245 1 |a Syntéza, štruktúrne a magnetické vlastnosti jedno a viacjadrových komplexov železa s pentadentátnymi N3O2 Schiffovými ligandami  |b bakalárska práca CD  |c Barbora Brachňáková 
260 |a Bratislava  |b STU FCHPT  |c 2013 
300 |a 1 optický disk 
500 |a Obhájené: 08.07.2013 
500 |a Štud. program: Chémia, medicínska chémia a chemické materiály 
500 |a Štud. odbor: chémia, chemické technológie 
500 |a Škol. pracovisko: Odd. anorganickej chémie 
500 |a Evid. číslo: FCHPT-13569-68756 
910 |a SCHK95 
999 |c 7244  |d 7244